000 00363nam a22001457a 4500
003 OSt
008 250107b |||||||| |||| 00| 0 eng d
041 _aeng
082 _a631.1
_bMIC/PR
100 _aMichael, AM and Ojha, TP
_96826
245 _aPrinciples of Agricultural Engineering Vol.2
250 _a2nd
260 _aNew Delhi:
_bJain Brothers
942 _cBK
999 _c18978
_d18978